Personnage Historique #4 - Statistiques

Statistiques générales
  • Ce quiz a été pris 147 fois
  • Le résultat moyen est 8 sur 16
Statistiques - réponses
Par images Réponse % Correct
Adolf Hitler
100%
Albert Einstein
96%
Cléopâtre
96%
John Fitzgerald Kennedy
93%
Jean Moulin
75%
Mike Tyson
70%
Bouddha
56%
Saddam Hussein
53%
Al Capone
46%
Nicolas Machiavel
21%
Otto von Bismarck
21%
Simo Häyhä
10%
Hannibal Barca
8%
Érasme
6%
Thomas d'Aquin
6%
Andreï Tarkovski
4%
Aucun quiz correspondant
Distribution des résultats
% des personnes avec chaque résultat
Percentile par nombre de réponses
Votre historique - résultats
Vous n’avez pas pris ce quiz